01632nam a2200205Ia 4500001001300000003001000013005001700023008004100040040002500081041000700106100006400113245009300177260003500270300001200305500008200317520095200399650001301351654001101364700005101375B7093-52321 IT-MiCISF20250212125849.0161014s9999||||xx |||||||||||||| ||und|| aIT-MiCISFcIT-MiCISF ait aForum ANIA consumatori - Università degli Studi di Milano 0aLa famiglia al tempo della crisi.bTra vulnerabilità economica e nuove forme di tutela a Milano,bFranco Angeli,c2014 app. 183 afamiglia, stratificazione-sociale, politiche-sociali, territorio, esperienze  a Crisi economica, crisi del welfare e contrazione dei redditi: un mix di fattori che rende le famiglie sempre più esposte a shock di varia natura, che ne possono compromettere la stabilità finanziaria. Il secondo monitoraggio sulla vulnerabilità economica delle famiglie italiane, condotto dall'Università degli Studi di Milano per il Forum ANIA - Consumatori, descrive l'evoluzione dell'"Indice di vulnerabilità" ed evidenzia i principali fattori di rischio, fornendo un quadro oggettivo e misurabile dei cambiamenti in atto nella nostra società.Inoltre, all'interno del volume vengono approfondite le cause, i sintomi, le caratteristiche della vulnerabilità, che sempre più tocca le famiglie del cosiddetto ceto medio, con particolare attenzione alle politiche innovative in termini di concreta integrazione tra pubblico e privato, che rispondono in maniera più efficace ai bisogni sociali rispetto alle alternative esistenti.  afamiglia asaggio aAnderloni L., Vandone D., Maino F., Benzi E.B.